<?xml version="1.0" encoding="UTF-8"?>
<collection xmlns="http://www.loc.gov/MARC21/slim">
 <record>
  <leader>03120cam a2200637 c 4500</leader>
  <controlfield tag="001">1796224898</controlfield>
  <controlfield tag="003">DE-627</controlfield>
  <controlfield tag="005">20251226201542.0</controlfield>
  <controlfield tag="007">tu</controlfield>
  <controlfield tag="008">220322s2022    sp ||||| m    00| ||spa c</controlfield>
  <datafield tag="020" ind1=" " ind2=" ">
   <subfield code="a">9788400108335</subfield>
   <subfield code="q"> : (47.00 EUR)</subfield>
   <subfield code="9">978-84-00-10833-5</subfield>
  </datafield>
  <datafield tag="035" ind1=" " ind2=" ">
   <subfield code="a">(DE-627)1796224898</subfield>
  </datafield>
  <datafield tag="035" ind1=" " ind2=" ">
   <subfield code="a">(DE-599)KXP1796224898</subfield>
  </datafield>
  <datafield tag="035" ind1=" " ind2=" ">
   <subfield code="a">(OCoLC)1322069067</subfield>
  </datafield>
  <datafield tag="035" ind1=" " ind2=" ">
   <subfield code="a">(ZDB-21-EIL)5170614</subfield>
  </datafield>
  <datafield tag="040" ind1=" " ind2=" ">
   <subfield code="a">DE-627</subfield>
   <subfield code="b">ger</subfield>
   <subfield code="c">DE-627</subfield>
   <subfield code="e">rda</subfield>
  </datafield>
  <datafield tag="041" ind1=" " ind2=" ">
   <subfield code="a">spa</subfield>
  </datafield>
  <datafield tag="044" ind1=" " ind2=" ">
   <subfield code="c">XA-ES</subfield>
  </datafield>
  <datafield tag="050" ind1=" " ind2="0">
   <subfield code="a">NA</subfield>
  </datafield>
  <datafield tag="082" ind1="0" ind2=" ">
   <subfield code="a">726</subfield>
  </datafield>
  <datafield tag="084" ind1=" " ind2=" ">
   <subfield code="a">KUNST</subfield>
   <subfield code="q">DE-16</subfield>
   <subfield code="2">fid</subfield>
  </datafield>
  <datafield tag="084" ind1=" " ind2=" ">
   <subfield code="a">21.70</subfield>
   <subfield code="2">bkl</subfield>
  </datafield>
  <datafield tag="100" ind1="1" ind2=" ">
   <subfield code="a">Jiménez Hortelano, Sonia</subfield>
   <subfield code="e">VerfasserIn</subfield>
   <subfield code="0">(DE-588)1045763446</subfield>
   <subfield code="0">(DE-627)774894016</subfield>
   <subfield code="0">(DE-576)399219102</subfield>
   <subfield code="4">aut</subfield>
  </datafield>
  <datafield tag="245" ind1="1" ind2="0">
   <subfield code="a">Arte y arquitectura en el Real Monasterio de Santiago de Uclés (1500-1750)</subfield>
   <subfield code="c">Sonia Jiménez-Hortelano</subfield>
  </datafield>
  <datafield tag="264" ind1=" " ind2="1">
   <subfield code="a">Madrid</subfield>
   <subfield code="b">Consejo Superior de Investigaciones Científicas</subfield>
   <subfield code="c">2022</subfield>
  </datafield>
  <datafield tag="300" ind1=" " ind2=" ">
   <subfield code="a">464 Seiten</subfield>
   <subfield code="b">Illustrationen</subfield>
   <subfield code="c">28 cm</subfield>
  </datafield>
  <datafield tag="336" ind1=" " ind2=" ">
   <subfield code="a">Text</subfield>
   <subfield code="b">txt</subfield>
   <subfield code="2">rdacontent</subfield>
  </datafield>
  <datafield tag="337" ind1=" " ind2=" ">
   <subfield code="a">ohne Hilfsmittel zu benutzen</subfield>
   <subfield code="b">n</subfield>
   <subfield code="2">rdamedia</subfield>
  </datafield>
  <datafield tag="338" ind1=" " ind2=" ">
   <subfield code="a">Band</subfield>
   <subfield code="b">nc</subfield>
   <subfield code="2">rdacarrier</subfield>
  </datafield>
  <datafield tag="490" ind1="1" ind2=" ">
   <subfield code="a">Biblioteca de historia del arte</subfield>
   <subfield code="v">36</subfield>
  </datafield>
  <datafield tag="502" ind1=" " ind2=" ">
   <subfield code="b">Dissertation</subfield>
   <subfield code="c">Universitat de València</subfield>
   <subfield code="d">2019</subfield>
  </datafield>
  <datafield tag="583" ind1="1" ind2=" ">
   <subfield code="a">Archivierung/Langzeitarchivierung gewährleistet</subfield>
   <subfield code="f">FID</subfield>
   <subfield code="x">XA-DE-BW</subfield>
   <subfield code="2">pdager</subfield>
   <subfield code="5">DE-16</subfield>
  </datafield>
  <datafield tag="655" ind1=" " ind2="7">
   <subfield code="a">Hochschulschrift</subfield>
   <subfield code="0">(DE-588)4113937-9</subfield>
   <subfield code="0">(DE-627)105825778</subfield>
   <subfield code="0">(DE-576)209480580</subfield>
   <subfield code="2">gnd-content</subfield>
  </datafield>
  <datafield tag="689" ind1="0" ind2="0">
   <subfield code="d">b</subfield>
   <subfield code="0">(DE-588)7740937-1</subfield>
   <subfield code="0">(DE-627)701494751</subfield>
   <subfield code="0">(DE-576)339651415</subfield>
   <subfield code="a">Kloster Uclés</subfield>
   <subfield code="2">gnd</subfield>
  </datafield>
  <datafield tag="689" ind1="0" ind2="1">
   <subfield code="d">s</subfield>
   <subfield code="0">(DE-588)7583222-7</subfield>
   <subfield code="0">(DE-627)546068413</subfield>
   <subfield code="0">(DE-576)27268970X</subfield>
   <subfield code="a">Klosteranlage</subfield>
   <subfield code="2">gnd</subfield>
  </datafield>
  <datafield tag="689" ind1="0" ind2="2">
   <subfield code="d">s</subfield>
   <subfield code="0">(DE-588)4002851-3</subfield>
   <subfield code="0">(DE-627)104280352</subfield>
   <subfield code="0">(DE-576)208848975</subfield>
   <subfield code="a">Architektur</subfield>
   <subfield code="2">gnd</subfield>
  </datafield>
  <datafield tag="689" ind1="0" ind2="3">
   <subfield code="d">s</subfield>
   <subfield code="0">(DE-588)4138356-4</subfield>
   <subfield code="0">(DE-627)105643300</subfield>
   <subfield code="0">(DE-576)209685352</subfield>
   <subfield code="a">Ausstattung</subfield>
   <subfield code="2">gnd</subfield>
  </datafield>
  <datafield tag="689" ind1="0" ind2="4">
   <subfield code="a">z</subfield>
   <subfield code="2">gnd</subfield>
   <subfield code="a">Geschichte 1500-1750</subfield>
  </datafield>
  <datafield tag="689" ind1="0" ind2=" ">
   <subfield code="5">(DE-627)</subfield>
  </datafield>
  <datafield tag="751" ind1=" " ind2=" ">
   <subfield code="a">Valencia</subfield>
   <subfield code="0">(DE-588)4062284-8</subfield>
   <subfield code="0">(DE-627)106132695</subfield>
   <subfield code="0">(DE-576)20914338X</subfield>
   <subfield code="4">uvp</subfield>
  </datafield>
  <datafield tag="776" ind1="1" ind2=" ">
   <subfield code="z">9788400108342</subfield>
  </datafield>
  <datafield tag="776" ind1="0" ind2="8">
   <subfield code="i">Erscheint auch als</subfield>
   <subfield code="n">Online-Ausgabe</subfield>
   <subfield code="z">9788400108342</subfield>
  </datafield>
  <datafield tag="787" ind1="0" ind2="8">
   <subfield code="i">Rezensiert in</subfield>
   <subfield code="a">Arciniega García, Luis</subfield>
   <subfield code="t">[Rezension von: Sonia Jiménez-Hortelano, Arte y arquitectura en el Real Monasterio de Santiago de Uclés (1500-1750)]</subfield>
   <subfield code="d">2023</subfield>
   <subfield code="w">(DE-627)1925880435</subfield>
  </datafield>
  <datafield tag="787" ind1="0" ind2="8">
   <subfield code="i">Rezensiert in</subfield>
   <subfield code="a">Ramiro Ramírez, Sergio, 1989 - </subfield>
   <subfield code="t">[Rezension von: Sonia Jiménez-Hortelano, Arte y arquitectura en el Real Monasterio de Santiago de Uclés (1500-1750)]</subfield>
   <subfield code="d">2024</subfield>
   <subfield code="w">(DE-627)1928198066</subfield>
  </datafield>
  <datafield tag="830" ind1=" " ind2="0">
   <subfield code="a">Biblioteca de historia del arte</subfield>
   <subfield code="v">36</subfield>
   <subfield code="9">36</subfield>
   <subfield code="w">(DE-627)479555397</subfield>
   <subfield code="w">(DE-576)098564412</subfield>
   <subfield code="w">(DE-600)2223960-1</subfield>
   <subfield code="7">am</subfield>
  </datafield>
  <datafield tag="856" ind1="4" ind2="2">
   <subfield code="u">https://www.gbv.de/dms/art-berlin/1796224898.pdf</subfield>
   <subfield code="m">V:DE-601</subfield>
   <subfield code="m">B:DE-B11</subfield>
   <subfield code="q">pdf/application</subfield>
   <subfield code="v">2022-08-25</subfield>
   <subfield code="3">Inhaltsverzeichnis</subfield>
   <subfield code="7">1</subfield>
  </datafield>
  <datafield tag="856" ind1="4" ind2="2">
   <subfield code="u">https://swbplus.bsz-bw.de/bsz1796224898inh.htm</subfield>
   <subfield code="m">V:DE-576</subfield>
   <subfield code="m">B:DE-16</subfield>
   <subfield code="v">20220826194001</subfield>
   <subfield code="3">Inhaltsverzeichnis</subfield>
   <subfield code="7">1</subfield>
  </datafield>
  <datafield tag="936" ind1="b" ind2="k">
   <subfield code="a">21.70</subfield>
   <subfield code="j">Geschichte der Sakralbaukunst</subfield>
   <subfield code="0">(DE-627)106421255</subfield>
  </datafield>
  <datafield tag="951" ind1=" " ind2=" ">
   <subfield code="a">BO</subfield>
  </datafield>
  <datafield tag="990" ind1=" " ind2=" ">
   <subfield code="a">Kloster Uclés</subfield>
  </datafield>
  <datafield tag="990" ind1=" " ind2=" ">
   <subfield code="a">Klosteranlage</subfield>
  </datafield>
  <datafield tag="990" ind1=" " ind2=" ">
   <subfield code="a">Architektur</subfield>
  </datafield>
  <datafield tag="990" ind1=" " ind2=" ">
   <subfield code="a">Ausstattung</subfield>
  </datafield>
  <datafield tag="990" ind1=" " ind2=" ">
   <subfield code="a">Geschichte 1500-1750</subfield>
  </datafield>
  <datafield tag="991" ind1=" " ind2=" ">
   <subfield code="a">Rezensiertes Werk</subfield>
  </datafield>
  <datafield tag="999" ind1=" " ind2=" ">
   <subfield code="a">KXP-PPN1796224898</subfield>
   <subfield code="e">4933968357</subfield>
  </datafield>
 </record>
</collection>
